3 mots 1 chanson - 1 - Statistiques

Statistiques générales
  • Ce quiz a été pris 140 fois
  • Le résultat moyen est 8 sur 21
Statistiques - réponses
3 mots Artiste Chanson % Correct
Feu, grandir, yeux JH Allumer le feu
72%
Moyen, catin, catchana AN Djadja
72%
Voue, nuits, requiem MOO (comédie musicale) L'assassymphonie
64%
Regarde, sous, sein CL Grenade
63%
Fou, soldat, cinéma LF Je t'aime
62%
Désolé, soir, l'envers T Désolé pour hier soir
61%
Vois, homme, roi Z Je suis un homme
49%
Court, maladie, enfants MS La maladie d'amour
48%
Chaos, côté, génération MF Désenchantée
45%
Garder, meilleur, était PG Ceux qu'on était
37%
Soudain, vent, héros I L'aventurier
26%
Cherché, jeunesse, botox K Le Graal
24%
Répondait, cher-lâ, trembler MG Bella
21%
Tomber, plancher, film FC Encore et encore
20%
Besame, tess, mains S Suavemente
20%
Souvenirs, larmes, chant FD Le chant des sirènes
19%
Souffrir, dormir, demain L Avenir
16%
Perdu, chemin, maison Y Corps
16%
Viens, loin, s'écrouler S Popcorn Salé
12%
Emportés, traîne, écrasés EP La Foule
10%
Porte, façon, marcher J Ma révolution
2%
Aucun quiz correspondant
Distribution des résultats
% des personnes avec chaque résultat
Percentile par nombre de réponses
Votre historique - résultats
Vous n’avez pas pris ce quiz